000
00298nam a22001217a 4500
999
_c
160094
_d
160094
082
_a
_b
100
_a
Maharshies markandalyth Laugakshi
245
_a
The smriti sandarbha (v.6)/
_c
by Maharshies markandalyth Laugakshi.
260
_a
Delhi:
_b
Nag,
_c
300
_a
650
_a
942
_c
BK